Classical electricity and magnetism (Record no. 14424)

000 -LEADER
fixed length control field 00648nam a22002171 4500
001 - CONTROL NUMBER
control field 14424
003 - CONTROL NUMBER IDENTIFIER
control field BD-DhUET
008 - FIXED-LENGTH DATA ELEMENTS--GENERAL INFORMATION
fixed length control field 850122s1962 maua b 000 0 eng
040 ## - CATALOGING SOURCE
Original cataloging agency DLC/ICU
Transcribing agency DLC
Modifying agency BD-DhUET
082 00 - DEWEY DECIMAL CLASSIFICATION NUMBER
Classification number 537
Item number PAN/1962
100 1# - MAIN ENTRY--PERSONAL NAME
Personal name Panofsky, Wolfgang K. H.
245 10 - TITLE STATEMENT
Title Classical electricity and magnetism
250 ## - EDITION STATEMENT
Edition statement 2nd ed.
260 ## - PUBLICATION, DISTRIBUTION, ETC. (IMPRINT)
Place of publication, distribution, etc. Massachusetts
Name of publisher, distributor, etc. Addison-Wesley Publishing
Date of publication, distribution, etc. 1962
300 ## - PHYSICAL DESCRIPTION
Extent xiv, 494 p.
Other physical details illus
Dimensions 24 cm.
490 ## - SERIES STATEMENT
Series statement This book is an Addison-Wesley world student series edition
504 ## - BIBLIOGRAPHY, ETC. NOTE
Bibliography, etc Includes bibliographies
650 #0 - SUBJECT ADDED ENTRY--TOPICAL TERM
Topical term or geographic name as entry element Electricity and Magnetism
700 ## - ADDED ENTRY--PERSONAL NAME
Personal name Phillips, Melba
942 ## - ADDED ENTRY ELEMENTS (KOHA)
Koha item type General Book
Holdings
Withdrawn status Koha date last seen Koha item type Location (home branch) Not for loan Damaged status Piece designation (barcode) Price effective from Date acquired Copy number Lost status Sublocation or collection (holding branch) Source of classification or shelving scheme Koha normalized classification for sorting Koha full call number Shelving location
 2015-03-08General BookCentral Library, BUET  200432015-03-082015-03-081 Central Library, BUET 537_000000000000000_PAN_1962537/PAN/1962Circulation section
 2015-03-18General BookCentral Library, BUET  248662015-03-182015-03-182 Central Library, BUET 537_000000000000000_PAN_1962537/PAN/1962Circulation section
 2015-03-19General BookCentral Library, BUET  368002015-03-192015-03-193 Central Library, BUET 537_000000000000000_PAN_1962537/PAN/1962Circulation section
 2015-03-19General BookCentral Library, BUET  44772015-03-192015-03-194 Central Library, BUET 537_000000000000000_PAN_1962537/PAN/1962Circulation section
 2015-03-19General BookCentral Library, BUET  846672015-03-192015-03-195 Central Library, BUET 537_000000000000000_PAN_1962537/PAN/1962Circulation section